• 首页
  • 本馆介绍
  • 公告通知
  • 最新文献
  • 馆藏检索
  • 电子资源
  • 读者导购
  • 参考咨询
  • 我的图书馆
  • 登录
  • 详细信息显示
  • 放入我的书架
  • 预约/预借图书
  • 作者相关作品
  • 分类相关作品
  • 丛书相关作品
  • 出版社相关作品

书目信息

  • 表格格式
  • 工作单格式
  • 卡片格式
题名:
当代西方美学新范畴辞典
    
 
作者: 司有仑 主编 ;方珊 撰稿
分册:  
出版信息: 北京   中国人民大学出版社  1996
页数: 598页
开本: 21cm
丛书名:
单 册:
中图分类: B83-61
科图分类:
主题词: 美学--流派--西方国家--词典 , 美学范畴--西方国家--词典
电子资源:
ISBN: 7-300-02162-X
000 00767nam0 2200253 45
001 CAL 011999075583
005 20031219104054.5
010    @a7-300-02162-X@b精装@dCNY49.00
100    @a19961230d1996 em y0chiy0120 ea
101 0  @achi
102    @aCN@b110000
105    @ay e 000yy
106    @ar
200 1  @a当代西方美学新范畴辞典@Adang dai xi fang mei xue xin fan chou ci dian@f司有仑主编@g[方珊等撰稿]
210    @a北京@c中国人民大学出版社@d1996
215    @a598页@d21cm
540 1  @a西方美学新范畴辞典
606    @a美学@x流派@y西方国家@x词典
606    @a美学范畴@y西方国家@x词典
690    @aB83-61@v4
701  0 @a司有仑@Asi you lun@4主编
702  0 @a方珊@Afang shan@4撰稿
801    @aCN@bTSTC@c20020415
905    @b308147-148@dB83-61@e154@f2
    
    当代西方美学新范畴辞典/司有仑主编/[方珊等撰稿].-北京:中国人民大学出版社,1996
    598页;21cm
    
    
    ISBN 7-300-02162-X(精装):CNY49.00
    
●
相关链接 在E读中查询图书 在五车中查询图书 在当当中查询图书 在豆瓣中查询图书


正题名:当代西方美学新范畴辞典     索取号:B83-61/154         预约/预借

序号 登录号 条形码 馆藏地/架位号 状态 备注
1 0308147   203081477   工具书阅览室/ [索取号:B83-61/154] 在馆    
2 0308148   203081486   第一样本阅览室/ [索取号:B83-61/154] 在馆    
唐山师范学院图书馆 欢迎您!
大连网信软件有限公司© 版权所有